L'alphabet des pays (click quiz) - Statistiques

Statistiques générales
  • Ce quiz a été pris 114 fois
    105 depuis la dernière actualisation
  • Le résultat moyen est 25 sur 40
Statistiques - réponses
Hint Réponse % Correct
Llemagne A
100%
Mirats Arabes Unis é
86%
Talie i
76%
Ran i
76%
Sraël i
75%
Slande i
74%
Rabie Saoudite A
71%
Kraine U
71%
Zerbaïdjan A
70%
Raq i
70%
Rythrée é
69%
Gypte é
69%
Tonie S
69%
Thiopie é
66%
Quateur é
66%
Fid J
65%
zakhstan K
64%
Stralie O
63%
Frique du Sud A
61%
Meroun K
61%
Costa Ri K
61%
Man O
61%
Tats Fédérés de Micronésie é
60%
Tats-Unis é
60%
Ruguay U
60%
Nezuela V
60%
Négal C
59%
Chelles C
59%
Nada K
59%
Pagne S
59%
Isra L
56%
Samo A
55%
Orgie G
55%
Nin B
54%
Watini S
53%
Géor J
49%
Rou P
49%
Tar K
46%
Triche O
46%
Ba Q
39%
Aucun quiz correspondant
Distribution des résultats
% des personnes avec chaque résultat
Percentile par nombre de réponses
Votre historique - résultats
Vous n’avez pas pris ce quiz depuis la dernière actualisation